000 00453nam a2200169Ia 4500
003 GCL
008 140319s9999 xx 000 0 eng d
040 _aGCL /
_cGCL
082 0 4 _a617.3
_bM C
100 1 _aMCRAE, RONALD
245 1 0 _aCLINICAL ORTHOPAEDIC EXAMINATION /
_cMCRAE, RONALD
260 _a[S.N] :
_bELBS WITH CHURCHILL LIVINGSTONE ،
_c1991
300 _a276 P
650 0 4 _aORTHOPEDICS
650 0 4 _aORTHOPEDIC SURGERY
942 _2ddc
_cBK
999 _c19865
_d19865